00741nam a22002057a 450000500170000001000150001702000260003203500130005803700130007108200120008410000270009624500780012326000390020127000540024030000230029450000500031794200260036799900170039395201250041020140102104759.0 aENG-108927 a9789383158003c850.00 aEN-92460 bDBAD/PUB a338.954 aMishra, Rabindra Kumar aEconomic development and environmental issues /cby Rabindra Kumar Mishra aNew DelhibS. K. Book Agencyc2013 a5A/12, Ansari Road, DaryanganjbNew Delhie110002 ax,213p. c22cm(Hb) aIncludes bibliographical references and index 2ddccENmMISh338.954 c81350d81350 001040718NFICaDBADbDBADd2013-12-20eDBAD/PUBg850.00l0o338.954 MISpEN-92460r2013-12-20 00:00:00t1v850.00yEN